A possible role of cyanogenesis in the onset of tapping panel dryness of rubber (Hevea brasiliensis) (Record no. 45455)

MARC details
000 -LEADER
fixed length control field 00484nam a2200169Ia 4500
100 ## - MAIN ENTRY--AUTHOR NAME
Personal name Moraes Vicente H de F
245 #2 - TITLE STATEMENT
Title A possible role of cyanogenesis in the onset of tapping panel dryness of rubber (Hevea brasiliensis)
260 ## - PUBLICATION, DISTRIBUTION, ETC. (IMPRINT)
Name of publisher Agrotropica
Year of publication 2003
300 ## - PHYSICAL DESCRIPTION
Number of Pages 103-106
650 ## - SUBJECT ADDED ENTRY--TOPICAL TERM
Topical Term B glycosidase
650 ## - SUBJECT ADDED ENTRY--TOPICAL TERM
Topical Term Brown bast
650 ## - SUBJECT ADDED ENTRY--TOPICAL TERM
Topical Term Linamarin
650 ## - SUBJECT ADDED ENTRY--TOPICAL TERM
Topical Term Linustain
700 ## - ADDED ENTRY--PERSONAL NAME
Personal name Moraes Larissa A C
942 ## - ADDED ENTRY ELEMENTS (KOHA)
Koha item type Reprints
Holdings
Withdrawn status Lost status Damaged status Not for loan Home library Current library Shelving location Date acquired Serial Enumeration / chronology Accession Number Koha item type
      Reprints RRII Library RRII Library Physiology 22/12/2021 Volume 15, Issue 2 P1524 Reprints